000 00224nam a2200097Ia 4500
005 20251222175817.0
008 251222s9999||||xx |||||||||||||| ||spa||
082 _aDVD0070/T72C/1989
245 0 _aCinema paradiso:
942 _cDVD
999 _c40356
_d40356